000 00310nam a2200097Ia 4500
008 220120s9999||||xx |||||||||||||| ||und||
100 _aDilna Narayan and others
_912561
245 0 _aCollege automation system
260 _aCoorg Institute of Technology
_bPonnampet
_c2015
650 _aELECTRONICS AND COMMUNICATIONS
999 _c138159
_d138159